00342nam a2200133Ia 4500008004100000041001200041082002000053100001900073245004800092250001200140260003300152300000800185650001500193231217s9999 xx 000 0 und d aEnglish a658.5 PHA;1 R aPhaneesh, K R. 0aIndustrial management : as per VTU syllabus a2nd ed. c2002bSudha Publ.aBangalore a240 amanagement